Design In Achitecture : ArchitectureAnd The Human Science. (Record no. 84064)

MARC details
000 -LEADER
fixed length control field 00420nam a2200157Ia 4500
008 - FIXED-LENGTH DATA ELEMENTS--GENERAL INFORMATION
fixed length control field 230116s9999 xx 000 0 und d
020 ## - INTERNATIONAL STANDARD BOOK NUMBER
International Standard Book Number 047110583
041 ## - LANGUAGE CODE
Language code of text/sound track or separate title eng
082 ## - DEWEY DECIMAL CLASSIFICATION NUMBER
Classification number 720.22
100 ## - MAIN ENTRY--PERSONAL NAME
Personal name Broadbent G.
9 (RLIN) 106476
245 ## - TITLE STATEMENT
Title Design In Achitecture : ArchitectureAnd The Human Science.
260 ## - PUBLICATION, DISTRIBUTION, ETC. (IMPRINT)
Name of publisher, distributor, etc. John Willy And Sons New York.
Date of publication, distribution, etc. 1973
300 ## - PHYSICAL DESCRIPTION
Extent 504
906 ## - LOCAL DATA ELEMENT F, LDF (RLIN)
b 37.0
Holdings
Withdrawn status Lost status Source of classification or shelving scheme Damaged status Not for loan Collection code Home library Current library Date acquired Vendor Cost, normal purchase price Bill number Full call number Barcode Date last seen Cost, replacement price Bill Date Koha item type Original Barcode
    Dewey Decimal Classification     Book of B Arch Dr. Bhanuben Nanavati College of Architecture Dr. Bhanuben Nanavati College of Architecture 23/12/2022 Metro Books 6701.63 2088 720.22 BRO BNCA-BK-12116 16/01/2023 10637.50 16/01/2023 Reference book B012116